[Event "Irena Warakomska Memorial A"]
[Site "Suwalki"]
[Date "2021.08.01"]
[Round "7"]
[White "Golecki, Jan"]
[Black "Chyzy, Jakub"]
[Result "1-0"]
[Board "19"]
[WhiteElo "2161"]
[WhiteCountry "POL"]
[WhiteFideId "1184008"]
[WhiteEloChange "13"]
[BlackElo "2257"]
[BlackTitle "FM"]
[BlackCountry "POL"]
[BlackFideId "21806209"]
[BlackEloChange "-13"]

1. e4 {[%clk 1:28:32]} e5 {[%clk 1:29:18]} 2. Nf3 {[%clk 1:28:54]} Nc6 {[%clk
1:29:44]} 3. Bb5 {[%clk 1:29:18]} Nge7 {[%clk 1:30:10]} 4. c3 {[%clk 1:29:36]} g6
{[%clk 1:29:39]} 5. d4 {[%clk 1:29:39]} exd4 {[%clk 1:30:04]} 6. cxd4 {[%clk
1:30:04]} a6 {[%clk 1:30:31]} 7. Ba4 {[%clk 1:30:28]} b5 {[%clk 1:30:36]} 8. Bc2
{[%clk 1:30:53]} Bg7 {[%clk 1:30:56]} 9. d5 {[%clk 1:28:47]} Na5 {[%clk 1:30:31]}
10. O-O {[%clk 1:27:13]} O-O {[%clk 1:30:39]} 11. Nc3 {[%clk 1:25:43]} d6 {[%clk
1:30:43]} 12. Nd4 {[%clk 1:23:30]} Bb7 {[%clk 1:30:39]} 13. f4 {[%clk 1:22:15]}
c6 {[%clk 1:29:04]} 14. f5 {[%clk 1:19:24]} Nc8 {[%clk 1:17:02]} 15. dxc6 {[%clk
1:16:05]} Nxc6 {[%clk 1:16:54]} 16. Nxc6 {[%clk 1:16:24]} Bxc6 {[%clk 1:16:42]}
17. Qf3 {[%clk 1:10:43]} Be5 {[%clk 1:07:08]} 18. fxg6 {[%clk 1:09:04]} hxg6
{[%clk 1:07:09]} 19. Bb3 {[%clk 1:07:34]} Ra7 {[%clk 0:50:36]} 20. Be3 {[%clk
1:07:53]} Rc7 {[%clk 0:46:45]} 21. Qg4 {[%clk 1:00:20]} Kg7 {[%clk 0:46:50]} 22.
Rf5 {[%clk 0:46:27]} b4 {[%clk 0:25:03]} 23. Ne2 {[%clk 0:38:45]} Ne7 {[%clk
0:12:20]} 24. Nd4 {[%clk 0:16:17]} Bd7 {[%clk 0:00:54]} 25. Raf1 {[%clk 0:16:42]}
Nxf5 {[%clk 0:00:51]} 26. Nxf5+ {[%clk 0:17:07]} Kh7 {[%clk 0:00:38]} 27. Bg5
{[%clk 0:17:24]} Bxf5 {[%clk 0:00:33]} 28. Qh4+ {[%clk 0:17:47]} Kg7 {[%clk
0:00:51]} 29. Bxd8 {[%clk 0:18:07]} Rc8 {[%clk 0:00:52]} 30. exf5 {[%clk
0:18:18]} Rh8 {[%clk 0:00:45]} 31. f6+ {[%clk 0:18:36]} Kg8 {[%clk 0:01:00]} 32.
Bxf7+ {[%clk 0:19:03]} 1-0

[Event "Irena Warakomska Memorial A"]
[Site "Suwalki"]
[Date "2021.08.01"]
[Round "7"]
[White "Rudzinska, Michalina"]
[Black "Golenia, Jan"]
[Result "1/2-1/2"]
[Board "20"]
[WhiteElo "2238"]
[WhiteTitle "WFM"]
[WhiteCountry "POL"]
[WhiteFideId "1172883"]
[WhiteEloChange "-4"]
[BlackElo "2103"]
[BlackCountry "POL"]
[BlackFideId "21800227"]
[BlackEloChange "4"]

1. e4 {[%clk 1:30:30]} e5 {[%clk 1:30:30]} 2. Nf3 {[%clk 1:31:18]} Nc6 {[%clk
1:30:56]} 3. Nc3 {[%clk 1:31:39]} Nf6 {[%clk 1:30:55]} 4. Bb5 {[%clk 1:32:00]}
Bb4 {[%clk 1:31:09]} 5. O-O {[%clk 1:32:20]} O-O {[%clk 1:31:27]} 6. d3 {[%clk
1:32:42]} d6 {[%clk 1:30:59]} 7. Bg5 {[%clk 1:33:04]} Bxc3 {[%clk 1:31:10]} 8.
bxc3 {[%clk 1:33:27]} Qe7 {[%clk 1:31:03]} 9. Re1 {[%clk 1:33:48]} Nd8 {[%clk
1:31:26]} 10. d4 {[%clk 1:34:05]} Ne6 {[%clk 1:30:37]} 11. Bc1 {[%clk 1:34:22]}
c5 {[%clk 1:13:26]} 12. Bd3 {[%clk 1:26:25]} Nc7 {[%clk 1:13:07]} 13. Rb1 {[%clk
1:24:32]} Rb8 {[%clk 1:10:04]} 14. h3 {[%clk 1:14:18]} h6 {[%clk 0:56:22]} 15.
Nh4 {[%clk 1:03:48]} Re8 {[%clk 0:42:41]} 16. Qf3 {[%clk 0:53:19]} b6 {[%clk
0:46:50]} 17. Bd2 {[%clk 0:57:16]} Nh7 {[%clk 0:38:51]} 18. Nf5 {[%clk 0:53:33]}
Qf6 {[%clk 0:38:45]} 19. Qg3 {[%clk 0:51:52]} Bxf5 {[%clk 0:36:40]} 20. exf5
{[%clk 0:52:13]} exd4 {[%clk 0:36:17]} 21. cxd4 {[%clk 0:51:48]} cxd4 {[%clk
0:36:15]} 22. Bf4 {[%clk 0:50:06]} Red8 {[%clk 0:30:15]} 23. Qg4 {[%clk 0:46:38]}
Re8 {[%clk 0:26:25]} 24. Bg3 {[%clk 0:44:28]} Rxe1+ {[%clk 0:26:44]} 25. Rxe1
{[%clk 0:44:52]} Re8 {[%clk 0:27:06]} 26. Rxe8+ {[%clk 0:44:39]} Nxe8 {[%clk
0:27:31]} 27. Qe4 {[%clk 0:43:37]} Kf8 {[%clk 0:26:07]} 28. Bb5 {[%clk 0:35:23]}
Nc7 {[%clk 0:24:52]} 29. Bd7 {[%clk 0:33:43]} Qd8 {[%clk 0:21:30]} 30. Ba4 {[%clk
0:23:52]} Nf6 {[%clk 0:20:56]} 31. Qxd4 {[%clk 0:23:55]} Nce8 {[%clk 0:21:12]}
32. Kh2 {[%clk 0:19:38]} Qc7 {[%clk 0:20:58]} 33. Bxe8 {[%clk 0:15:20]} Nxe8
{[%clk 0:21:23]} 34. f6 {[%clk 0:15:36]} gxf6 {[%clk 0:20:53]} 35. Qe4 {[%clk
0:13:41]} Qe7 {[%clk 0:08:08]} 36. Qh7 {[%clk 0:08:05]} Qe6 {[%clk 0:07:48]} 37.
Bf4 {[%clk 0:06:02]} Qxa2 {[%clk 0:06:38]} 38. Bxh6+ {[%clk 0:06:16]} Ke7 {[%clk
0:07:07]} 39. Qe4+ {[%clk 0:06:31]} Kd7 {[%clk 0:06:53]} 40. Bf8 {[%clk 0:33:58]}
Qe6 {[%clk 0:34:39]} 41. Qa4+ {[%clk 0:34:00]} Kc8 {[%clk 0:32:10]} 42. Qxa7
{[%clk 0:31:25]} Qe5+ {[%clk 0:32:18]} 43. g3 {[%clk 0:31:00]} Qc5 {[%clk
0:32:46]} 44. Qa8+ {[%clk 0:30:20]} Kd7 {[%clk 0:33:01]} 45. Kg1 {[%clk 0:26:01]}
Nc7 {[%clk 0:21:58]} 46. Qf3 {[%clk 0:25:11]} Qxc2 {[%clk 0:21:44]} 47. Qxf6
{[%clk 0:22:42]} Qd1+ {[%clk 0:22:02]} 48. Kh2 {[%clk 0:22:43]} Qd5 {[%clk
0:22:30]} 49. h4 {[%clk 0:21:28]} b5 {[%clk 0:22:12]} 50. Qf4 {[%clk 0:20:28]} f5
{[%clk 0:20:45]} 51. Qg5 {[%clk 0:13:38]} Ne6 {[%clk 0:09:20]} 52. Qe7+ {[%clk
0:14:00]} Kc6 {[%clk 0:09:45]} 53. Qe8+ {[%clk 0:12:42]} Kc5 {[%clk 0:09:59]} 54.
Qc8+ {[%clk 0:10:35]} Kd4 {[%clk 0:07:02]} 55. Bh6 {[%clk 0:08:30]} Kd3 {[%clk
0:03:42]} 56. Qc1 {[%clk 0:07:00]} Ke2 {[%clk 0:04:10]} 57. Qe3+ {[%clk 0:06:37]}
Kf1 {[%clk 0:04:01]} 58. Qc1+ {[%clk 0:06:30]} Kxf2 {[%clk 0:03:58]} 59. Qc2+
{[%clk 0:04:46]} Kf1 {[%clk 0:02:05]} 60. Qc1+ {[%clk 0:01:53]} Ke2 {[%clk
0:01:31]} 61. Qe3+ {[%clk 0:01:46]} Kd1 {[%clk 0:01:38]} 62. Qc1+ {[%clk
0:02:13]} Ke2 {[%clk 0:02:03]} 63. Qc2+ {[%clk 0:02:17]} Ke1 {[%clk 0:02:05]} 64.
Be3 {[%clk 0:01:14]} Nc5 {[%clk 0:02:06]} 65. Kg1 {[%clk 0:00:52]} Ne4 {[%clk
0:02:26]} 66. h5 {[%clk 0:00:32]} Qe5 {[%clk 0:00:58]} 67. Bf2+ {[%clk 0:00:34]}
Nxf2 {[%clk 0:01:26]} 68. Qxf2+ {[%clk 0:00:56]} Kd1 {[%clk 0:01:50]} 69. h6
{[%clk 0:01:00]} b4 {[%clk 0:01:47]} 70. Qf3+ {[%clk 0:00:56]} Kc2 {[%clk
0:02:00]} 71. Qf2+ {[%clk 0:01:02]} Kd1 {[%clk 0:02:19]} 72. Qf1+ {[%clk
0:01:15]} Kd2 {[%clk 0:02:13]} 73. Qf2+ {[%clk 0:01:02]} Kd1 {[%clk 0:02:17]} 74.
Qf1+ {[%clk 0:00:47]} 1/2-1/2

[Event "Irena Warakomska Memorial A"]
[Site "Suwalki"]
[Date "2021.08.01"]
[Round "7"]
[White "Poltorak, Sebastian"]
[Black "Krawczyk, Flawian"]
[Result "0-1"]
[Board "21"]
[WhiteElo "2233"]
[WhiteCountry "POL"]
[WhiteFideId "1199498"]
[WhiteEloChange "-16"]
[BlackElo "1984"]
[BlackCountry "POL"]
[BlackFideId "21881413"]
[BlackEloChange "16"]

1. d4 {[%clk 1:30:56]} Nf6 {[%clk 1:25:43]} 2. c4 {[%clk 1:31:20]} g6 {[%clk
1:26:09]} 3. Nc3 {[%clk 1:31:47]} Bg7 {[%clk 1:26:36]} 4. e4 {[%clk 1:32:13]} d6
{[%clk 1:27:02]} 5. f3 {[%clk 1:32:38]} O-O {[%clk 1:27:25]} 6. Nge2 {[%clk
1:33:04]} c5 {[%clk 1:27:51]} 7. d5 {[%clk 1:33:09]} e6 {[%clk 1:28:04]} 8. Ng3
{[%clk 1:33:34]} exd5 {[%clk 1:28:29]} 9. cxd5 {[%clk 1:33:59]} a6 {[%clk
1:28:17]} 10. a4 {[%clk 1:34:24]} h5 {[%clk 1:28:43]} 11. Bg5 {[%clk 1:34:48]}
Qe8 {[%clk 1:28:31]} 12. Qd2 {[%clk 1:30:05]} Nh7 {[%clk 1:28:21]} 13. Bf4 {[%clk
1:25:23]} Qe7 {[%clk 1:26:25]} 14. Bd3 {[%clk 1:21:48]} Nd7 {[%clk 1:17:44]} 15.
O-O {[%clk 1:17:00]} h4 {[%clk 1:17:37]} 16. Nge2 {[%clk 1:13:20]} h3 {[%clk
1:15:07]} 17. Bg3 {[%clk 1:02:22]} Ne5 {[%clk 1:13:48]} 18. f4 {[%clk 0:58:32]}
Bh6 {[%clk 1:13:02]} 19. Rae1 {[%clk 0:53:28]} Qc7 {[%clk 0:57:09]} 20. Nc1
{[%clk 0:44:12]} c4 {[%clk 0:49:20]} 21. Be2 {[%clk 0:41:24]} Nf6 {[%clk
0:35:32]} 22. Qd4 {[%clk 0:40:03]} Ned7 {[%clk 0:33:32]} 23. e5 {[%clk 0:38:04]}
Nh7 {[%clk 0:24:02]} 24. Qxc4 {[%clk 0:35:14]} Qb6+ {[%clk 0:18:42]} 25. Bf2
{[%clk 0:35:34]} Qd8 {[%clk 0:19:00]} 26. Nd3 {[%clk 0:32:59]} hxg2 {[%clk
0:18:40]} 27. Kxg2 {[%clk 0:33:22]} dxe5 {[%clk 0:18:06]} 28. fxe5 {[%clk
0:32:57]} b5 {[%clk 0:11:57]} 29. Qc6 {[%clk 0:29:41]} Rb8 {[%clk 0:08:44]} 30.
Ne4 {[%clk 0:25:21]} Bb7 {[%clk 0:06:50]} 31. Qd6 {[%clk 0:25:08]} Ng5 {[%clk
0:03:32]} 32. Bf3 {[%clk 0:21:58]} Nxf3 {[%clk 0:02:17]} 33. Kxf3 {[%clk
0:22:23]} Bg7 {[%clk 0:02:39]} 34. Bg3 {[%clk 0:22:11]} Bxd5 {[%clk 0:03:00]} 35.
Kf2 {[%clk 0:19:02]} Bc4 {[%clk 0:02:58]} 36. Rd1 {[%clk 0:17:21]} bxa4 {[%clk
0:01:58]} 37. Kg1 {[%clk 0:17:15]} Qb6+ {[%clk 0:02:09]} 38. Bf2 {[%clk 0:06:40]}
Qxd6 {[%clk 0:02:33]} 39. exd6 {[%clk 0:06:51]} Bxb2 {[%clk 0:01:36]} 40. Nxb2
{[%clk 0:36:27]} Bxf1 {[%clk 0:32:01]} 41. Nxa4 {[%clk 0:36:50]} Be2 {[%clk
0:29:52]} 42. Re1 {[%clk 0:37:10]} Bb5 {[%clk 0:14:10]} 43. Nac5 {[%clk 0:37:14]}
Nxc5 {[%clk 0:14:24]} 44. Bxc5 {[%clk 0:32:22]} f5 {[%clk 0:14:15]} 45. Ng5
{[%clk 0:32:35]} Rfe8 {[%clk 0:14:08]} 46. Rd1 {[%clk 0:31:22]} Ba4 {[%clk
0:13:19]} 47. Rd2 {[%clk 0:26:19]} Rb1+ {[%clk 0:12:46]} 48. Kf2 {[%clk 0:26:00]}
Rd1 {[%clk 0:12:11]} 49. Rb2 {[%clk 0:23:50]} Bb5 {[%clk 0:12:07]} 50. Bb4 {[%clk
0:22:49]} Rf1+ {[%clk 0:11:31]} 51. Kg2 {[%clk 0:22:13]} Re2+ {[%clk 0:09:54]}
52. Rxe2 {[%clk 0:22:39]} Bxe2 {[%clk 0:10:21]} 53. Ne6 {[%clk 0:21:00]} Rd1
{[%clk 0:10:22]} 54. Nc7 {[%clk 0:18:38]} Bb5 {[%clk 0:08:55]} 55. Kf2 {[%clk
0:17:41]} Kf7 {[%clk 0:09:06]} 56. Ba3 {[%clk 0:17:25]} g5 {[%clk 0:08:45]} 57.
Bc5 {[%clk 0:17:48]} f4 {[%clk 0:08:48]} 58. Kf3 {[%clk 0:18:07]} Bc6+ {[%clk
0:08:45]} 59. Ke2 {[%clk 0:17:35]} Ra1 {[%clk 0:08:47]} 60. Bf2 {[%clk 0:17:38]}
Ra2+ {[%clk 0:08:43]} 61. Kf1 {[%clk 0:17:36]} a5 {[%clk 0:08:45]} 0-1

[Event "Irena Warakomska Memorial A"]
[Site "Suwalki"]
[Date "2021.08.01"]
[Round "7"]
[White "Parol, Pawel"]
[Black "Shilov, Sergej"]
[Result "1/2-1/2"]
[Board "22"]
[WhiteElo "2144"]
[WhiteCountry "POL"]
[WhiteFideId "1119826"]
[WhiteEloChange "2"]
[BlackElo "2197"]
[BlackTitle "FM"]
[BlackCountry "UKR"]
[BlackFideId "14101505"]
[BlackEloChange "-2"]

1. d4 {[%clk 1:30:54]} d5 {[%clk 1:29:42]} 2. c4 {[%clk 1:31:04]} e6 {[%clk
1:29:22]} 3. Nf3 {[%clk 1:29:41]} Nf6 {[%clk 1:28:36]} 4. Nc3 {[%clk 1:26:35]} c6
{[%clk 1:27:06]} 5. e3 {[%clk 1:20:54]} Nbd7 {[%clk 1:26:01]} 6. Bd3 {[%clk
1:19:16]} dxc4 {[%clk 1:23:27]} 7. Bxc4 {[%clk 1:18:31]} b5 {[%clk 1:23:55]} 8.
Bd3 {[%clk 1:16:30]} a6 {[%clk 1:23:43]} 9. O-O {[%clk 1:03:33]} c5 {[%clk
1:21:47]} 10. e4 {[%clk 0:47:15]} cxd4 {[%clk 1:15:00]} 11. Nxd4 {[%clk 0:46:49]}
Ne5 {[%clk 1:13:48]} 12. Bc2 {[%clk 0:42:25]} Bc5 {[%clk 1:04:57]} 13. Nb3 {[%clk
0:30:04]} Qxd1 {[%clk 1:01:16]} 14. Nxd1 {[%clk 0:28:09]} Be7 {[%clk 0:55:16]}
15. Be3 {[%clk 0:22:11]} Bb7 {[%clk 0:51:07]} 16. f3 {[%clk 0:20:46]} Rc8 {[%clk
0:50:12]} 17. Rc1 {[%clk 0:20:08]} O-O {[%clk 0:47:27]} 18. Bf2 {[%clk 0:16:34]}
Nh5 {[%clk 0:42:31]} 19. Ne3 {[%clk 0:09:05]} Nf4 {[%clk 0:41:41]} 20. Rcd1
{[%clk 0:08:08]} Bg5 {[%clk 0:32:12]} 21. Bb1 {[%clk 0:05:29]} Rfd8 {[%clk
0:30:52]} 22. Rxd8+ {[%clk 0:05:06]} Rxd8 {[%clk 0:31:09]} 23. Nc5 {[%clk
0:04:36]} Bc8 {[%clk 0:29:00]} 24. Rd1 {[%clk 0:04:11]} Rxd1+ {[%clk 0:27:30]}
25. Nxd1 {[%clk 0:04:40]} Nc4 {[%clk 0:27:48]} 26. Bd3 {[%clk 0:01:30]} Nxd3
{[%clk 0:23:11]} 27. Nxd3 {[%clk 0:01:58]} Bf6 {[%clk 0:23:03]} 28. b3 {[%clk
0:01:37]} Ne5 {[%clk 0:22:54]} 29. Nc5 {[%clk 0:01:33]} Nc6 {[%clk 0:22:55]} 30.
Kf1 {[%clk 0:01:00]} Be5 {[%clk 0:19:15]} 31. Bg3 {[%clk 0:00:48]} Ba1 {[%clk
0:18:40]} 32. Ke2 {[%clk 0:00:43]} Kf8 {[%clk 0:18:14]} 33. Kd2 {[%clk 0:00:36]}
Bd4 {[%clk 0:16:14]} 34. Bf2 {[%clk 0:00:48]} Ba1 {[%clk 0:15:02]} 35. Nc3 {[%clk
0:00:38]} Ke7 {[%clk 0:15:04]} 36. Nd3 {[%clk 0:00:36]} f6 {[%clk 0:08:28]} 37.
Bc5+ {[%clk 0:01:01]} Kf7 {[%clk 0:08:27]} 38. Nb4 {[%clk 0:00:49]} Nxb4 {[%clk
0:08:13]} 39. Bxb4 {[%clk 0:01:17]} Bb7 {[%clk 0:08:17]} 40. Kc2 {[%clk 0:30:42]}
f5 {[%clk 0:37:51]} 41. exf5 {[%clk 0:25:36]} exf5 {[%clk 0:38:00]} 42. Kb1
{[%clk 0:24:51]} Bxc3 {[%clk 0:38:10]} 43. Bxc3 {[%clk 0:25:14]} g5 {[%clk
0:38:39]} 44. Kc2 {[%clk 0:23:42]} g4 {[%clk 0:36:46]} 45. fxg4 {[%clk 0:22:27]}
fxg4 {[%clk 0:37:15]} 46. g3 {[%clk 0:21:11]} Be4+ {[%clk 0:37:01]} 47. Kb2
{[%clk 0:17:16]} Ke6 {[%clk 0:36:54]} 48. a4 {[%clk 0:17:06]} Bd3 {[%clk
0:36:05]} 49. axb5 {[%clk 0:16:49]} Bxb5 {[%clk 0:36:29]} 50. b4 {[%clk 0:15:43]}
Kd5 {[%clk 0:36:50]} 51. Bf6 {[%clk 0:15:35]} Ke4 {[%clk 0:36:58]} 1/2-1/2

[Event "Irena Warakomska Memorial A"]
[Site "Suwalki"]
[Date "2021.08.01"]
[Round "7"]
[White "Golenia, Wojciech"]
[Black "Sliwicka, Alicja"]
[Result "0-1"]
[Board "23"]
[WhiteElo "2102"]
[WhiteCountry "POL"]
[WhiteFideId "1175300"]
[WhiteEloChange "-5"]
[BlackElo "2308"]
[BlackTitle "WIM"]
[BlackCountry "POL"]
[BlackFideId "1150677"]
[BlackEloChange "5"]

1. c4 {[%clk 1:30:54]} e5 {[%clk 1:28:15]} 2. Nc3 {[%clk 1:31:00]} Nf6 {[%clk
1:27:23]} 3. g3 {[%clk 1:30:32]} d5 {[%clk 1:24:33]} 4. cxd5 {[%clk 1:30:45]}
Nxd5 {[%clk 1:24:59]} 5. Bg2 {[%clk 1:30:42]} Nb6 {[%clk 1:25:15]} 6. e3 {[%clk
1:28:38]} Nc6 {[%clk 1:23:01]} 7. Nge2 {[%clk 1:28:47]} Be6 {[%clk 1:20:12]} 8.
O-O {[%clk 1:20:08]} Qd7 {[%clk 1:19:17]} 9. f4 {[%clk 0:52:54]} Bh3 {[%clk
1:12:05]} 10. Bxh3 {[%clk 0:51:04]} Qxh3 {[%clk 1:12:27]} 11. fxe5 {[%clk
0:50:54]} Nxe5 {[%clk 1:12:34]} 12. Nf4 {[%clk 0:49:24]} Qd7 {[%clk 1:12:32]} 13.
d4 {[%clk 0:47:45]} Nc6 {[%clk 1:09:20]} 14. Qf3 {[%clk 0:45:56]} O-O-O {[%clk
1:06:21]} 15. b3 {[%clk 0:39:02]} f5 {[%clk 1:02:01]} 16. Nd3 {[%clk 0:34:10]} g6
{[%clk 1:00:34]} 17. Kg2 {[%clk 0:30:31]} Bb4 {[%clk 0:57:15]} 18. Bb2 {[%clk
0:26:18]} Rhe8 {[%clk 0:55:57]} 19. Nf4 {[%clk 0:23:55]} Ne7 {[%clk 0:47:22]} 20.
Nd3 {[%clk 0:22:42]} Bxc3 {[%clk 0:42:48]} 21. Bxc3 {[%clk 0:21:30]} Ned5 {[%clk
0:42:26]} 22. Bd2 {[%clk 0:21:39]} Nf6 {[%clk 0:41:20]} 23. Rac1 {[%clk 0:19:45]}
Ne4 {[%clk 0:37:07]} 24. Rc2 {[%clk 0:15:22]} Qb5 {[%clk 0:34:47]} 25. Nb2 {[%clk
0:12:26]} Ng5 {[%clk 0:31:44]} 26. Rxc7+ {[%clk 0:11:12]} Kxc7 {[%clk 0:31:51]}
27. Qf4+ {[%clk 0:11:37]} Rd6 {[%clk 0:29:29]} 28. Qxg5 {[%clk 0:10:28]} Qd5+
{[%clk 0:29:24]} 29. Kg1 {[%clk 0:09:52]} Qe4 {[%clk 0:27:05]} 30. Ba5 {[%clk
0:07:32]} Kb8 {[%clk 0:21:50]} 31. Bxb6 {[%clk 0:07:16]} Rxb6 {[%clk 0:22:08]}
32. Nc4 {[%clk 0:07:16]} Rc6 {[%clk 0:22:17]} 33. a4 {[%clk 0:04:21]} b6 {[%clk
0:20:57]} 34. Rd1 {[%clk 0:03:56]} Qc2 {[%clk 0:19:38]} 35. Qf4+ {[%clk 0:03:45]}
Rc7 {[%clk 0:14:58]} 36. Re1 {[%clk 0:03:51]} Qe4 {[%clk 0:13:52]} 37. Qd6 {[%clk
0:02:54]} Qe6 {[%clk 0:14:08]} 38. Qf4 {[%clk 0:01:17]} Re7 {[%clk 0:10:35]} 39.
Na3 {[%clk 0:00:47]} Kb7 {[%clk 0:09:24]} 40. Nc4 {[%clk 0:30:34]} Qd5 {[%clk
0:34:59]} 41. Nd6+ {[%clk 0:24:24]} Ka8 {[%clk 0:34:49]} 42. Nc4 {[%clk 0:24:30]}
Rc6 {[%clk 0:34:09]} 43. Ra1 {[%clk 0:22:00]} Re4 {[%clk 0:26:25]} 44. Qf2 {[%clk
0:16:40]} Kb7 {[%clk 0:24:57]} 45. Rd1 {[%clk 0:13:39]} Rc7 {[%clk 0:20:03]} 46.
Qg2 {[%clk 0:12:45]} Rd7 {[%clk 0:20:04]} 47. Rc1 {[%clk 0:11:46]} g5 {[%clk
0:18:06]} 48. Qc2 {[%clk 0:10:24]} Re8 {[%clk 0:11:59]} 49. Ne5 {[%clk 0:08:10]}
f4 {[%clk 0:10:04]} 50. Nxd7 {[%clk 0:05:15]} Qxd7 {[%clk 0:10:30]} 51. exf4
{[%clk 0:05:08]} gxf4 {[%clk 0:10:43]} 52. Qf2 {[%clk 0:04:21]} fxg3 {[%clk
0:10:38]} 53. hxg3 {[%clk 0:04:26]} Re4 {[%clk 0:09:31]} 54. Rd1 {[%clk 0:02:27]}
Qd5 {[%clk 0:09:17]} 55. Rd3 {[%clk 0:02:02]} Qe6 {[%clk 0:05:34]} 56. Qf3 {[%clk
0:00:50]} Kb8 {[%clk 0:04:53]} 57. Qf8+ {[%clk 0:01:02]} Kb7 {[%clk 0:05:14]} 58.
Qf3 {[%clk 0:01:26]} Kb8 {[%clk 0:05:24]} 59. Kf2 {[%clk 0:01:28]} Qg6 {[%clk
0:03:12]} 60. d5 {[%clk 0:01:08]} Re7 {[%clk 0:02:49]} 61. Kg2 {[%clk 0:01:04]}
h5 {[%clk 0:02:15]} 62. d6 {[%clk 0:01:22]} Rd7 {[%clk 0:02:29]} 63. Qf8+ {[%clk
0:01:18]} Kb7 {[%clk 0:02:53]} 64. Qf3+ {[%clk 0:01:46]} Kb8 {[%clk 0:03:06]} 65.
Kh2 {[%clk 0:00:36]} Qh6 {[%clk 0:01:19]} 66. Qc6 {[%clk 0:00:35]} Qe6 {[%clk
0:01:16]} 67. Rd2 {[%clk 0:00:34]} h4 {[%clk 0:01:33]} 68. Rc2 {[%clk 0:00:38]}
hxg3+ {[%clk 0:01:42]} 69. Kg2 {[%clk 0:00:54]} Rh7 {[%clk 0:01:33]} 70. Qc4
{[%clk 0:00:42]} Qh3+ {[%clk 0:01:12]} 71. Kf3 {[%clk 0:01:06]} g2+ {[%clk
0:00:52]} 72. Kf2 {[%clk 0:01:23]} g1=Q+ {[%clk 0:01:09]} 73. Kxg1 {[%clk
0:01:47]} Rg7+ {[%clk 0:01:28]} 74. Kf2 {[%clk 0:02:12]} Rg2+ {[%clk 0:01:50]}
75. Ke1 {[%clk 0:02:36]} Qh1+ {[%clk 0:02:12]} 76. Qf1 {[%clk 0:03:00]} Qxf1+
{[%clk 0:02:38]} 0-1

[Event "Irena Warakomska Memorial A"]
[Site "Suwalki"]
[Date "2021.08.01"]
[Round "7"]
[White "Antolak, Julia"]
[Black "Piekielny, Pawel"]
[Result "1-0"]
[Board "24"]
[WhiteElo "2309"]
[WhiteTitle "WIM"]
[WhiteCountry "POL"]
[WhiteFideId "1159569"]
[WhiteEloChange "6"]
[BlackElo "2150"]
[BlackCountry "POL"]
[BlackFideId "21838828"]
[BlackEloChange "-6"]

1. e4 {[%clk 1:30:56]} c6 {[%clk 1:30:56]} 2. Nc3 {[%clk 1:31:03]} d5 {[%clk
1:31:21]} 3. Nf3 {[%clk 1:31:09]} Bg4 {[%clk 1:31:44]} 4. h3 {[%clk 1:31:30]}
Bxf3 {[%clk 1:32:09]} 5. Qxf3 {[%clk 1:31:55]} e6 {[%clk 1:32:32]} 6. d4 {[%clk
1:32:07]} dxe4 {[%clk 1:32:55]} 7. Qxe4 {[%clk 1:32:31]} Nf6 {[%clk 1:33:20]} 8.
Qd3 {[%clk 1:32:52]} Na6 {[%clk 1:33:19]} 9. a3 {[%clk 1:33:05]} Qa5 {[%clk
1:33:40]} 10. Rb1 {[%clk 1:33:02]} O-O-O {[%clk 1:15:24]} 11. b4 {[%clk 1:08:00]}
Bxb4 {[%clk 1:08:09]} 12. axb4 {[%clk 0:54:22]} Nxb4 {[%clk 1:08:29]} 13. Qd2
{[%clk 0:44:12]} Rxd4 {[%clk 0:55:29]} 14. Bd3 {[%clk 0:44:24]} Rhd8 {[%clk
0:39:31]} 15. O-O {[%clk 0:43:09]} Nxd3 {[%clk 0:36:39]} 16. cxd3 {[%clk
0:43:32]} Rxd3 {[%clk 0:37:06]} 17. Qb2 {[%clk 0:43:49]} R8d7 {[%clk 0:31:26]}
18. Ne2 {[%clk 0:41:59]} Rd1 {[%clk 0:26:42]} 19. Be3 {[%clk 0:38:26]} Rxf1+
{[%clk 0:27:08]} 20. Rxf1 {[%clk 0:38:39]} a6 {[%clk 0:24:02]} 21. Rb1 {[%clk
0:34:32]} Nd5 {[%clk 0:20:44]} 22. Ba7 {[%clk 0:22:26]} f6 {[%clk 0:15:31]} 23.
Nd4 {[%clk 0:18:24]} Qc3 {[%clk 0:15:55]} 24. Qa2 {[%clk 0:16:39]} e5 {[%clk
0:15:09]} 25. Ne6 {[%clk 0:12:49]} Re7 {[%clk 0:05:54]} 26. Nc5 {[%clk 0:12:58]}
a5 {[%clk 0:05:08]} 27. Ne4 {[%clk 0:11:13]} Qd3 {[%clk 0:05:31]} 28. Nd6+ {[%clk
0:11:21]} Kc7 {[%clk 0:05:14]} 29. Nxb7 {[%clk 0:09:32]} Kc8 {[%clk 0:04:32]} 30.
Nd6+ {[%clk 0:07:51]} Kd7 {[%clk 0:04:35]} 31. Bb8 {[%clk 0:07:15]} Ke6 {[%clk
0:04:18]} 32. Rc1 {[%clk 0:05:56]} Qa6 {[%clk 0:03:09]} 33. Qc2 {[%clk 0:04:09]}
g6 {[%clk 0:02:44]} 34. Qxc6 {[%clk 0:03:53]} Qxc6 {[%clk 0:03:09]} 35. Rxc6
{[%clk 0:04:20]} Nb4 {[%clk 0:02:53]} 36. Rb6 {[%clk 0:04:37]} Nd5 {[%clk
0:02:01]} 37. Ra6 {[%clk 0:04:55]} Nb4 {[%clk 0:02:28]} 38. Rb6 {[%clk 0:04:04]}
Nd5 {[%clk 0:02:56]} 39. Rb5 {[%clk 0:03:21]} Rd7 {[%clk 0:03:13]} 40. Ne4 {[%clk
0:32:35]} Kf5 {[%clk 0:33:28]} 41. Ng3+ {[%clk 0:31:20]} Ke6 {[%clk 0:31:46]} 42.
Rxa5 {[%clk 0:31:17]} Rb7 {[%clk 0:32:07]} 43. Ra6+ {[%clk 0:30:54]} Kf7 {[%clk
0:32:11]} 44. Ra7 {[%clk 0:31:08]} Rxa7 {[%clk 0:32:35]} 45. Bxa7 {[%clk
0:31:36]} f5 {[%clk 0:32:58]} 46. f3 {[%clk 0:31:05]} Kf6 {[%clk 0:33:17]} 47.
Nf1 {[%clk 0:29:07]} h5 {[%clk 0:33:22]} 48. Ne3 {[%clk 0:29:15]} Ne7 {[%clk
0:32:48]} 49. Kf2 {[%clk 0:26:32]} g5 {[%clk 0:32:50]} 50. Bc5 {[%clk 0:25:18]}
Nc6 {[%clk 0:32:44]} 51. Ba3 {[%clk 0:25:26]} f4 {[%clk 0:31:42]} 52. Nd5+ {[%clk
0:24:38]} Ke6 {[%clk 0:32:04]} 53. Nc3 {[%clk 0:24:42]} Kf5 {[%clk 0:32:20]} 54.
Nd5 {[%clk 0:24:04]} Ke6 {[%clk 0:32:44]} 55. Nc3 {[%clk 0:21:45]} Kf5 {[%clk
0:33:06]} 56. Ne4 {[%clk 0:22:10]} g4 {[%clk 0:24:57]} 57. Bb2 {[%clk 0:21:36]}
Ne7 {[%clk 0:24:00]} 58. Ke2 {[%clk 0:20:44]} Ng6 {[%clk 0:23:10]} 59. Nf2 {[%clk
0:20:33]} g3 {[%clk 0:17:29]} 60. Ne4 {[%clk 0:20:46]} Nh4 {[%clk 0:17:51]} 61.
Kf1 {[%clk 0:21:02]} Ng6 {[%clk 0:17:31]} 62. Ba3 {[%clk 0:21:17]} Ke6 {[%clk
0:17:28]} 63. Bb4 {[%clk 0:20:52]} Nh4 {[%clk 0:17:37]} 64. Ba5 {[%clk 0:20:50]}
Nf5 {[%clk 0:17:49]} 65. Bb6 {[%clk 0:20:21]} Ke7 {[%clk 0:17:47]} 66. Kg1 {[%clk
0:18:57]} Nh4 {[%clk 0:13:22]} 67. Bc7 {[%clk 0:18:44]} Ng6 {[%clk 0:13:36]} 68.
Nc5 {[%clk 0:17:49]} Kf6 {[%clk 0:12:02]} 69. Bd8+ {[%clk 0:15:31]} Kf5 {[%clk
0:12:25]} 70. Kf1 {[%clk 0:13:15]} Nh8 {[%clk 0:12:37]} 71. Ke2 {[%clk 0:13:13]}
Nf7 {[%clk 0:13:04]} 72. Be7 {[%clk 0:13:34]} Nh6 {[%clk 0:13:10]} 73. Kd3 {[%clk
0:08:06]} Ng8 {[%clk 0:13:36]} 74. Bd8 {[%clk 0:08:19]} Nh6 {[%clk 0:14:02]} 75.
Kc4 {[%clk 0:07:27]} Nf7 {[%clk 0:12:55]} 76. Be7 {[%clk 0:07:51]} e4 {[%clk
0:12:44]} 77. Nxe4 {[%clk 0:07:18]} Ne5+ {[%clk 0:13:10]} 78. Kd5 {[%clk
0:06:58]} Nd3 {[%clk 0:13:23]} 79. Nd6+ {[%clk 0:07:00]} Kg6 {[%clk 0:13:49]} 80.
Ke4 {[%clk 0:07:15]} Ne1 {[%clk 0:14:10]} 81. Kxf4 {[%clk 0:07:20]} Nxg2+ {[%clk
0:14:36]} 82. Kxg3 {[%clk 0:07:47]} Ne3 {[%clk 0:14:56]} 83. Bd8 {[%clk 0:07:55]}
Nd5 {[%clk 0:14:25]} 84. f4 {[%clk 0:08:15]} Ne3 {[%clk 0:14:39]} 85. f5+ {[%clk
0:08:32]} Nxf5+ {[%clk 0:14:29]} 86. Nxf5 {[%clk 0:08:58]} Kxf5 {[%clk 0:14:54]}
87. Kh4 {[%clk 0:09:24]} Kg6 {[%clk 0:15:19]} 88. Bg5 {[%clk 0:09:51]} 1-0